| 000 | 00918nam a2200205 a 4500 | ||
|---|---|---|---|
| 001 | BRCA_8856 | ||
| 005 | 20190320210433.0 | ||
| 008 | 160517s1785----sp-#######---#000-0#spa-# | ||
| 041 | _aspa | ||
| 044 | _asp | ||
| 084 |
_aBE240 _b.D57 1785 |
||
| 245 | 1 | 0 |
_aEl director que enseña la practica de las virtudes christianas _bdistribuidas por semanas según el orden de la iglesia: Para el uso de odas las personas que quieren trabajar en zelo en su perfección: Obra dedicada á la Sagrada familia Jesús, María, y Joseph, y á los Ángeles Custodios: Traducida fielmente del Francés al Castellano _cpor Don Placido Barco López. |
| 260 |
_aMadrid _c1785 |
||
| 300 |
_a[6], 256 p. _c14.5 x 10.5 cm. |
||
| 500 | _aCon las licencias necesarias | ||
| 500 | _aEstado físico: presenta encuadernación en pergamino deteriorado y con hojas manchadas | ||
| 650 | 1 | 4 |
_aCristianismo _915572 |
| 902 | _aCFM | ||
| 942 |
_2lcc _cB |
||
| 999 |
_c8507 _d8507 |
||